Designing for special needs : an architect's guide to briefing and designing options for living for people with learning disabilities (Record no. 102151)

MARC details
000 -LEADER
fixed length control field 01088cam a2200253 4500
001 - CONTROL NUMBER
control field
008 - FIXED-LENGTH DATA ELEMENTS--GENERAL INFORMATION
fixed length control field 020628n2002 000 0 eng u
020 ## - INTERNATIONAL STANDARD BOOK NUMBER
International Standard Book Number 1859461212
035 ## - SYSTEM CONTROL NUMBER
System control number (Sirsi) u118585
050 ## - LIBRARY OF CONGRESS CALL NUMBER
Classification number 725.54
100 ## - MAIN ENTRY--PERSONAL NAME
Personal name Harker, M.
245 ## - TITLE STATEMENT
Title Designing for special needs : an architect's guide to briefing and designing options for living for people with learning disabilities
260 ## - PUBLICATION, DISTRIBUTION, ETC.
Place of publication, distribution, etc. London
Name of publisher, distributor, etc. RIBA Enterprises
Date of publication, distribution, etc. 2002
300 ## - PHYSICAL DESCRIPTION
Extent xiv,205p.
Dimensions 24cm.
350 ## - PRICE (NR) (BK AM CF MU VM SE) [OBSOLETE]
Price 15
520 ## - SUMMARY, ETC.
Summary, etc. Intended as the standard reference tool for those building for people with learning disabilities this design guide explains the nature of learning difficulties, the housing and support options currently available, the need to recognise individual differences and needs within the design brief, current standards and emerging technologies.
650 ## - SUBJECT ADDED ENTRY--TOPICAL TERM
Topical term or geographic name entry element DISABLED PEOPLE
650 ## - SUBJECT ADDED ENTRY--TOPICAL TERM
Topical term or geographic name entry element LEARNING DISABILITIES
650 ## - SUBJECT ADDED ENTRY--TOPICAL TERM
Topical term or geographic name entry element PEOPLE WITH DISABILITIES
650 ## - SUBJECT ADDED ENTRY--TOPICAL TERM
Topical term or geographic name entry element PEOPLE WITH SPECIAL NEEDS
690 ## - LOCAL SUBJECT ADDED ENTRY--TOPICAL TERM (OCLC, RLIN)
Topical term or geographic name as entry element BUILT ENVIRONMENT-CONSTRUCTION DESIGN
700 ## - ADDED ENTRY--PERSONAL NAME
Personal name King, N.
942 ## - ADDED ENTRY ELEMENTS (KOHA)
Suppress in OPAC 0
Holdings
Withdrawn status Lost status Source of classification or shelving scheme Damaged status Not for loan Home library Current library Shelving location Date acquired Cost, normal purchase price Total Checkouts Full call number Barcode Date last seen Date last checked out Copy number Cost, replacement price Price effective from Koha item type
    Dewey Decimal Classification     London London Books 08/08/2002 12.75 6 725.54 30066393 06/08/2019 17/06/2008 1 12.75 06/08/2019 Book